Italian Language Clothing - Adjectives - Statistics

General Stats
  • This quiz has been taken 42 times
  • The average score is 17 of 22
Answer Stats
Hint Answer % Correct
casual casuale
100%
colorful colorata (o)
100%
cotton cotone
100%
inexpensive/economical economica (o)
100%
stylish/elegant elegante
100%
flannel flanella
100%
formal formale
100%
simple/plain semplice
100%
velvet velluto
100%
expensive costosa (o)
75%
elastic elastica (o)
75%
pricesless inestimabile
75%
wool lana
75%
valuable preziosa (o)
75%
worthless senza valore
75%
solid colored tinta unita
75%
affordable conveniente
50%
stretched esaticizzato
50%
patterned fantasia (o)
50%
loose sciolta (o)
50%
silk seta (o)
50%
tight stretta (o)
50%
No matching quizzes found
Score Distribution
Percent of People with Each Score
Percentile by Number Answered
Your Score History
You have not taken this quiz